000 00452nam a2200181Ia 4500
001 17183
005 20260306170406.0
008 260306t2006||||xx |||||||||||||| ||und||
041 _aESP
082 _a657.48
_bW27 2006
100 _aWarren, Carl S.
_eAUT
245 0 _aContabilidad financiera
260 _c2006
300 _axxx, 735 páginas : A9, B4, C13, D5, E21, G9
_c26 cm.
650 _aGEN
654 _aCCO
942 _cLIB
_dJUS
_fJUS
_2ddc
_n
999 _c17183
_d17183